American Diplomacy

Detalles Bibliográficos
Formato: Desconocido
Lenguaje:inglés
Publicado: Nueva York : American Diplomacy Publishers
Materias:
Acceso en línea:Acceso restringido

MARC

LEADER 00000ny a22000003n 4500
005 20110511151622.0
008 070206s19uu9999us r p s 0 a0eng d
022 |a 1094-8120 
035 |a 3110 
040 |a BUS  |d vLex 
090 |c 1716  |d 1716 
245 3 0 |a American Diplomacy  |h [Recurso electrn̤ico] 
256 |a Servicio en ln̕ea 
260 |a Nueva York :  |b American Diplomacy Publishers 
506 1 |a Contenido solo disponible en los productos indicados  |d vLex Global  |d vLex Global (Academic Edition, excluding Law Schools)  |d vLex Global (Academic Edition, Law Schools) 
650 0 4 |a Diplomacia  |x Publicaciones Perid̤icas 
655 4 |a Revistas electrn̤icas 
740 0 |a vLex Revista (Servicios en ln̕ea) 
843 |a Electrn̤ica. Abierta 
853 |8 1  |i (year)  |j (month)  |k (day) 
856 4 0 |z Acceso restringido  |u http://vlex.com/account/login_ip?fuente_id=3110  
942 |c REV